Guía hidráulica para el diseño de obras de drenaje en caminos rurales
| Main Author: | |
|---|---|
| Format: | Section = Libro |
| Language: | Undetermined Spanish |
| Published: |
Nicaragua
MTI
2017
|
| Subjects: |
| LEADER | 00557nam a2200193Ia 4500 | ||
|---|---|---|---|
| 008 | 240830s9999 xx 000 0 und d | ||
| 040 | |a B-ESTELÍ- RUACS / 627 M665 | ||
| 041 | |a spa | ||
| 082 | |a 627 M665 | ||
| 100 | 1 | |a Ministerio de Transporte e Infraestructura | |
| 245 | 1 | 0 | |a Guía hidráulica para el diseño de obras de drenaje en caminos rurales |
| 260 | |a Nicaragua |b MTI |c 2017 | ||
| 300 | |a 195 p. | ||
| 650 | 7 | |a GUIA HIDRAULICA | |
| 650 | 7 | |b ESTUDIOS HIDROLOGICOS | |
| 650 | 7 | |c DISEÑO HIDROLOGICO | |
| 942 | |c BK |2 ddc | ||
| 991 | |a TEXTO | ||
| 999 | |c 11288 | ||